| 000 | 00757nam a2200205 i 4500 | ||
|---|---|---|---|
| 001 | 13311 | ||
| 003 | ES-MaACL | ||
| 005 | 20230906150538.0 | ||
| 007 | t| | ||
| 008 | 980130s1997 sp ||||1| spa d | ||
| 020 | _a84-88973-46-2 | ||
| 080 | _a347.751.5(460)(094.5) | ||
| 245 | 0 | 0 |
_aLegislación de venta a plazos / _cGabriel Martínez del Marmol Albasini [recop.]. |
| 260 |
_aMadrid : _bColegio de Registradores de la Propiedad y Mercantiles de España, _c[1997] |
||
| 300 |
_a141 p. ; _c23 cm. |
||
| 650 | 1 | 4 |
_aVenta a plazos- _zEspaña- _vLegislación. _917762 |
| 700 | 1 |
_aMartínez del Mármol Albasini, Gabriel. _978046 |
|
| 710 | 2 |
_aColegio de Registradores de la Propiedad y Mercantiles de España. _92938 |
|
| 852 |
_aES-MaACL _jL-20615 _bR.126064 |
||
| 999 |
_c13311 _d13311 |
||